Statystyki dla Matura z polskiego rapu i trapu #1 Test Zamknięty

Kliknij tutaj aby rozwiązać quiz!

Ogólne statystyki

  • Ten quiz został rozwiązany 3 566 razy
  • Średni wynik to 8 z 15

Statystyki odpowiedzi

ZagadnienieOdpowiedź% Poprawnych
Zaznacz poprawnie zapisany pseudonim rapera SBM Label.Jan-rapowanie
99%
Kto jest ojcem projektu "chillwagon"?Borixon
87%
Który z podanych raperów urodził się poza granicami PolskiTaco Hemingway
80%
Który z raperów wydał następujące albumy "Takie Rzeczy" "Nowe Rzeczy" "Trzecie Rzeczy"KęKę
70%
Kto nagrał diss na youtuberów-traperów (m.in na Young Multiego)Paluch & Szpaku
66%
Który z utworów nie należy do zespołu TACONAFIDER2-D2
59%
Który z niżej podanych raperów wydaje swoje albumy w wytwórni QueQuality?Wac Toja
57%
W którym roku został wydany album "El Polako" poznańskiego rapera DonGuralEsko?2008
46%
Jak nazywa się album łódzkiego rapera ZEUS związany z jego śmiercią.Zeus. Nie żyje.
42%
Który z poniższych raperów nigdy nie wystąpił w "młodych wilkach" popkilleraAstek
41%
Dokąd poleciał TEDE po "to jedno foto"?Miami
39%
Ile egzemplarzy płyty musi zostać sprzedane, by płyta została "ozłocona" (mowa tylko o repertuarze krajowym)15 tys. egz.
37%
O której linii tramwajowej w Warszawie rapuje TACO HEMINGWAY na swoim albumie szprycer?35
29%
Dokończ tekst piosenki " Nie jestem zły, życie nauczyło mnie zła Nie jest mi wstyd, życie nauczyło mnie ..."brać
29%
Czego dotyczy tytuł piosenki "Nie pytaj o Nią" warszawskiego rapera ELDO?Dotyczy jego ojczyzny
28%

Rozkład punktacji

Percentyl według liczby udzielonych odpowiedzi

Procent ludzi z każdym wynikiem

Twoja historia wyników

Nie rozwiązałeś tego quizu